Visualizzazione normale
Vista MARC
- Anderson Laurie
di Personal Name
Records bibliografici associati: 6
001 - CONTROL NUMBER
- control field: 1097
003 - CONTROL NUMBER IDENTIFIER
- control field: IT-RoPau
005 - DATE AND TIME OF LATEST TRANSACTION
- control field: 20131107100407.0
008 - FIXED-LENGTH DATA ELEMENTS
- fixed length control field: 131107|| aca||aabn | a|a d
040 ## - CATALOGING SOURCE
- Original cataloging agency: IT-RoPau
- Transcribing agency: IT-RoPau
100 ## - HEADING--PERSONAL NAME
- Personal name: Anderson Laurie
670 ## - SOURCE DATA FOUND
- Source citation: Work cat.: (IT-RoPau)101177: Anderson Laurie, Big Science